| 000 | 01165cam a2200289 a 4500 | ||
|---|---|---|---|
| 999 |
_c232870 _d232870 |
||
| 001 | 15141013 | ||
| 003 | Nust | ||
| 005 | 20170224105320.0 | ||
| 008 | 080114s2008 nyu 000 1 eng | ||
| 010 | _a 2008001144 | ||
| 020 | _a9780330517775 | ||
| 040 |
_aDLC _cDLC _dDLC |
||
| 050 | 0 | 0 |
_aPS3552.A446 _bW48 2008 |
| 082 | 0 | 0 |
_a813.54 _bBAL |
| 100 | 1 | _aBaldacci, David. | |
| 245 | 1 | 4 |
_aThe whole truth / _cDavid Baldacci. |
| 250 | _a1st ed. | ||
| 260 |
_aNew York : _bGrand Central Pub., _c2008. |
||
| 300 |
_a548 p. ; _c24 cm. |
||
| 650 | 0 |
_aInternational relations _vFiction. |
|
| 655 | 7 |
_aSuspense fiction. _2gsafd |
|
| 655 | 0 | _aPolitical fiction. | |
| 856 | 4 | 2 |
_3Contributor biographical information _uhttp://www.loc.gov/catdir/enhancements/fy0808/2008001144-b.html |
| 856 | 4 | 2 |
_3Publisher description _uhttp://www.loc.gov/catdir/enhancements/fy0808/2008001144-d.html |
| 906 |
_a7 _bcbc _corignew _d1 _eecip _f20 _gy-gencatlg |
||
| 942 |
_2ddc _cBK |
||